Best of the National Air and Space Museum / (Record no. 834)

MARC details
000 -LEADER
fixed length control field 01418cam a22003374a 4500
005 - DATE AND TIME OF LATEST TRANSACTION
control field 20260322212036.0
008 - FIXED-LENGTH DATA ELEMENTS--GENERAL INFORMATION
fixed length control field data
010 ## - LIBRARY OF CONGRESS CONTROL NUMBER
LC control number 2004049188
020 ## - INTERNATIONAL STANDARD BOOK NUMBER
International Standard Book Number 9780060851552
020 ## - INTERNATIONAL STANDARD BOOK NUMBER
International Standard Book Number 0060851554
040 ## - CATALOGING SOURCE
Original cataloging agency DLC
Transcribing agency DLC
Modifying agency DLC
042 ## - AUTHENTICATION CODE
Authentication code pcc
043 ## - GEOGRAPHIC AREA CODE
Geographic area code n-us-dc
050 00 - LIBRARY OF CONGRESS CALL NUMBER
Classification number TL506.U6
Item number W376 2006
082 00 - DEWEY DECIMAL CLASSIFICATION NUMBER
Classification number 629.13/074/753
Edition information 22
092 ## - LOCALLY ASSIGNED DEWEY CALL NUMBER (OCLC)
Classification number 629.13 W376 2006
001 - CONTROL NUMBER
control field data
245 00 - TITLE STATEMENT
Title Best of the National Air and Space Museum /
Statement of responsibility, etc. edited by National Air and Space Museum & Robert Van der Linden.
250 ## - EDITION STATEMENT
Edition statement 1st Smithsonian Books ed.
260 ## - PUBLICATION, DISTRIBUTION, ETC.
Place of publication, distribution, etc. New York, NY :
Name of publisher, distributor, etc. Collins,
Place of publication, distribution, etc. New York, NY :
Name of publisher, distributor, etc. Collins,
Date of publication, distribution, etc. 2006.
300 ## - PHYSICAL DESCRIPTION
Extent xvi, 208 p. :
Other physical details ill. (some col.) ;
Dimensions 29 cm.
500 ## - GENERAL NOTE
General note Includes index.
610 20 - SUBJECT ADDED ENTRY--CORPORATE NAME
Corporate name or jurisdiction name as entry element National Air and Space Museum
Form subdivision Catalogs.
700 1# - ADDED ENTRY--PERSONAL NAME
Personal name Van der Linden, Robert.
710 2# - ADDED ENTRY--CORPORATE NAME
Corporate name or jurisdiction name as entry element National Air and Space Museum.
856 42 - ELECTRONIC LOCATION AND ACCESS
Materials specified Contributor biographical information
Uniform Resource Identifier <a href="http://www.loc.gov/catdir/enhancements/fy0911/2004049188-b.html">http://www.loc.gov/catdir/enhancements/fy0911/2004049188-b.html</a>
856 42 - ELECTRONIC LOCATION AND ACCESS
Materials specified Publisher description
Uniform Resource Identifier <a href="http://www.loc.gov/catdir/enhancements/fy0911/2004049188-d.html">http://www.loc.gov/catdir/enhancements/fy0911/2004049188-d.html</a>
906 ## - LOCAL DATA ELEMENT F, LDF (RLIN)
a 7
b cbc
c orignew
d 1
e ocip
f 20
g y-gencatlg
925 0# -
-- acquire
-- 2 shelf copies
-- policy default
955 ## - COPY-LEVEL INFORMATION (RLIN)
-- jg12 2004-05-12
-- jg07 2004-05-12 to Dewey
-- pv11 2006-09-14 CIP ver. to BCCD
Holdings
Withdrawn status Lost status Damaged status Not for loan Home library Current library Shelving location Date acquired Total checkouts Full call number Barcode Date last seen Price effective from Koha item type
        Centerville Centerville General stacks 22/03/2026   629.13/074/753 22 BC0010858 22/03/2026 22/03/2026 Books